| 000 | 01140nam0a2200289 4500 | ||
|---|---|---|---|
| 001 | RU\NLR\BIBL_A\011562789 | ||
| 005 | 20241101195055.0 | ||
| 010 |
_a9785160131576 _bprint _9500 |
||
| 021 |
_aRU _b2017-91242 _96526 |
||
| 035 | _a(RuMoRGB)009469904 | ||
| 035 | _a(NLR Aleph) 011562789 | ||
| 090 |
_a12283064 _c12283064 |
||
| 100 | _a20171220d2017 u y0rusy50 ca | ||
| 101 | 0 | _arus | |
| 102 | _aRU | ||
| 105 | _aa|||z|||000zy | ||
| 200 | 1 | _aИнструкция по движению поездов и маневровой работе на железнодорожном транспорте Российской Федерации | |
| 210 |
_aМосква _cИнфра-М _d2017 |
||
| 215 |
_a250, [1] с. _cтабл. _d21 |
||
| 333 | _a12+ | ||
| 606 |
_aЖелезные дороги _jИнструкции _xДвижение поездов _9965824 _3RU\NLR\AUTH\66361462 |
||
| 606 | 1 |
_aЖелезнодорожные станции _jИнструкции _xМаневровая работа _91278940 _3RU\NLR\AUTH\66209422 |
|
| 686 | 1 | _aО28я82 | |
| 942 | _cBOOK | ||
| 980 | _aNBR | ||